000 00513nam a2200181Ia 4500
005 20250508162018.0
008 008 250505s9999 xx 000 0 eng d
037 _aTextual
040 _aFEDL
_beng
_cFEDL
041 _aeng
_2eng
084 _a407, BRA
_qFEDL
100 _aBraun Carl Ed.
_9772047
245 0 _aExperience-based approach to language and reading
260 _aBaltimore
_bUniversity Park Press
_c1977
300 _a284p.
942 _cTEXL
_h407, BRA
999 _c1373826
_d1373826